El senglar : Impacte i precaucions / Impacte i precaucions /
Descripción Física:
1 díptic ; il. col. ; 10 x 21 cm
Idioma:
Catalán
MARC
| LEADER | 00000nam a22000007a 4500 | ||
|---|---|---|---|
| 001 | 27518 | ||
| 003 | Arxiu | ||
| 005 | 20260324181155.0 | ||
| 008 | 230314b spa||||| |||| 00| 0 cat d | ||
| 017 | |a B 19966-2021 | ||
| 040 | |a agdb |b cat | ||
| 110 | 1 | |9 7250 |a Barcelona (Catalunya : Província). |b Xarxa de Parcs Naturals | |
| 245 | |a El senglar : |b Impacte i precaucions / |c Xarxa de Parcs Naturals | ||
| 260 | |a Barcelona : |b Diputació de Barcelona ; |c 2021 | ||
| 300 | |a 1 díptic ; |b il. col. ; |c 10 x 21 cm | ||
| 650 | 0 | |9 39875 |a Senglar |z Barcelona (Catalunya : Província) | |
| 650 | 0 | |9 55970 |a Senglar |x Control biològic | |
| 655 | 0 | |a Fulletons |9 55858 | |
| 710 | 1 | |9 52730 |a Barcelona (Catalunya : Província). |b Gerència de Serveis d’Espais Naturals | |
| 710 | 1 | |a Barcelona (Catalunya : Província). |b Àrea d'Infraestructures i Espais Naturals |9 55815 | |
| 942 | |2 udc |c ARXIU |n 1 | ||
| 952 | |0 0 |1 0 |2 udc |4 0 |6 FU74145 |7 1 |9 65609 |a Arxiu |b Arxiu |d 2023-03-14 |l 0 |o FU-74-145 |p 27518 |r 2023-03-14 00:00:00 |w 2023-03-14 |y ARXIU | ||
| 999 | |c 83189 |d 83189 | ||